Teorías del aprendizaje para el docente

שמור ב:
מידע ביבליוגרפי
מחבר ראשי: Chadwick, Clifton B (Author)
פורמט: ספר
שפה:ספרדית
יצא לאור: Santiago Universitaria 1983
מהדורה:1a. ed
סדרה:Colección el Sembrador
נושאים:
תגים: הוספת תג
אין תגיות, היה/י הראשונ/ה לתייג את הרשומה!

MARC

LEADER 00000nam a2200000 a 4500
001 UCZ0599
003 CL-VaPUC
008 950804e19830600CL |||||||||||||||||spa|d
082 0 4 |a 370.152  |b CHA  |2 21 
100 0 |a Chadwick, Clifton B  |e author  |9 343612 
245 1 0 |a Teorías del aprendizaje para el docente 
250 |a 1a. ed 
300 |a 149 p 
942 |c BK 
945 |d 19950804 00:00:00  |a mfernand 
260 |a Santiago  |b Universitaria  |c 1983 
600 0 7 |a PIAGET, JEAN  |2 CL-VaPUC  |9 308149 
600 0 |a GAGNE, ROBERT MILLS  |9 343945 
650 0 |a Aprendizaje   |9 254827 
650 0 |a Procesos de aprendizaje  |9 309161 
650 0 |a Psicología educacional   |9 307830 
650 0 |a Psicología del desarrollo  |9 307541 
650 0 |a Cognición   |9 270347 
650 7 |a DESARROLLO DE LOS CURRICULOS  |2 CL-VaPUC  |9 338829 
583 |a last modification  |c 19950804 00:00:00  |k Rodrigo Vera 
490 0 |a Colección el Sembrador 
999 |c 237516  |d 237514 
952 |0 0  |1 0  |4 0  |6 370_152000000000000_CHA_1983  |7 0  |8 A  |9 246757  |a BIBEDU  |b BIBEDU  |d 2019-11-18  |i 1549650  |o 370.152 CHA 1983  |p 1549650  |r 2019-11-18  |w 2019-11-18  |y BK  |k EDU 
952 |0 0  |1 0  |4 0  |6 370_152000000000000_CHA_1983  |7 0  |8 A  |9 246758  |a BIBEDU  |b BIBEDU  |d 2019-11-18  |i 1554298  |o 370.152 CHA 1983  |p 1554298  |r 2019-11-18  |w 2019-11-18  |y BK  |k EDU 
952 |0 0  |1 0  |4 0  |6 370_152000000000000_CHA_1983  |7 0  |8 A  |9 246759  |a BIBEDU  |b BIBEDU  |d 2019-11-18  |i 1554301  |o 370.152 CHA 1983  |p 1554301  |r 2019-11-18  |w 2019-11-18  |y BK  |k EDU 
952 |0 0  |1 0  |4 0  |6 370_152000000000000_CHA_1983  |7 0  |8 A  |9 246760  |a BIBEDU  |b BIBEDU  |d 2019-11-18  |i 155431K  |o 370.152 CHA 1983  |p 155431K  |r 2019-11-18  |w 2019-11-18  |y BK  |k EDU